Paris for one and other stories / (Record no. 3015)

MARC details
000 -LEADER
fixed length control field 02058cam a2200457 i 4500
001 - CONTROL NUMBER
control field 3015
003 - CONTROL NUMBER IDENTIFIER
control field FISKH
005 - DATE AND TIME OF LATEST TRANSACTION
control field 20240130153648.0
008 - FIXED-LENGTH DATA ELEMENTS--GENERAL INFORMATION
fixed length control field 171120t20172016nyua 000 1 eng d
010 ## - LIBRARY OF CONGRESS CONTROL NUMBER
LC control number 2017299764
020 ## - INTERNATIONAL STANDARD BOOK NUMBER
International Standard Book Number 0735222304
020 ## - INTERNATIONAL STANDARD BOOK NUMBER
International Standard Book Number 9780735222304
020 ## - INTERNATIONAL STANDARD BOOK NUMBER
International Standard Book Number 9780718186326
035 ## - SYSTEM CONTROL NUMBER
System control number (OCoLC)on1005512908
040 ## - CATALOGING SOURCE
Original cataloging agency BRG
Language of cataloging eng
Transcribing agency BRG
Description conventions rda
Modifying agency ZHB
-- OCLCQ
-- OCLCF
-- CHILD
-- DLC
042 ## - AUTHENTICATION CODE
Authentication code lccopycat
043 ## - GEOGRAPHIC AREA CODE
Geographic area code e-fr---
050 00 - LIBRARY OF CONGRESS CALL NUMBER
Classification number PR6113.O94
Item number A6 2017
082 04 - DEWEY DECIMAL CLASSIFICATION NUMBER
Classification number 823/.92
Edition number 23
100 1# - MAIN ENTRY--PERSONAL NAME
Personal name Moyes, Jojo
Dates associated with a name 1969-
245 10 - TITLE STATEMENT
Title Paris for one and other stories /
Statement of responsibility, etc. Jojo Moyes.
250 ## - EDITION STATEMENT
Edition statement First Published as this collection 2016
260 ## - PUBLICATION, DISTRIBUTION, ETC.
Place of publication, distribution, etc. New York :
Name of publisher, distributor, etc. Penguin Books,
Date of publication, distribution, etc. 2016
300 ## - PHYSICAL DESCRIPTION
Extent 336 pages :
Dimensions 24 cm
336 ## - CONTENT TYPE
Content type term text
Content type code txt
Source rdacontent
337 ## - MEDIA TYPE
Media type term unmediated
Media type code n
Source rdamedia
338 ## - CARRIER TYPE
Carrier type term volume
Carrier type code nc
Source rdacarrier
520 ## - SUMMARY, ETC.
Summary, etc. "Quintessential Jojo Moyes, Paris for One and Other Stories is an irresistibly romantic collection filled with humor and heart. Nell is twenty-six and has never been to Paris. She's never even been on a romantic weekend away--to anywhere--before. Everyone knows traveling abroad isn't really her thing. But when Nell's boyfriend fails to show up for their romantic mini-vacation, she has the opportunity to prove everyone--including herself--wrong. Alone and in Paris, Nell uncovers a version of herself she never knew existed: independent and intrepid. Could this turn out to be the most adventurous weekend of her life?"--
Assigning source Provided by publisher.
650 #0 - SUBJECT ADDED ENTRY--TOPICAL TERM
Topical term or geographic name entry element Young women
Form subdivision Fiction.
650 #0 - SUBJECT ADDED ENTRY--TOPICAL TERM
Topical term or geographic name entry element Women
Form subdivision Fiction.
650 #7 - SUBJECT ADDED ENTRY--TOPICAL TERM
Topical term or geographic name entry element Women.
Source of heading or term fast
Authority record control number or standard number (OCoLC)fst01176568
650 #7 - SUBJECT ADDED ENTRY--TOPICAL TERM
Topical term or geographic name entry element Young women.
Source of heading or term fast
Authority record control number or standard number (OCoLC)fst01183301
651 #0 - SUBJECT ADDED ENTRY--GEOGRAPHIC NAME
Geographic name Paris (France)
Form subdivision Fiction.
651 #7 - SUBJECT ADDED ENTRY--GEOGRAPHIC NAME
Geographic name France
Geographic subdivision Paris.
Source of heading or term fast
Authority record control number or standard number (OCoLC)fst01205283
655 #7 - INDEX TERM--GENRE/FORM
Genre/form data or focus term Fiction.
Source of term fast
Authority record control number or standard number (OCoLC)fst01423787
655 #7 - INDEX TERM--GENRE/FORM
Genre/form data or focus term Short stories.
Source of term fast
Authority record control number or standard number (OCoLC)fst01726740
655 #7 - INDEX TERM--GENRE/FORM
Genre/form data or focus term Short stories.
Source of term lcgft
655 #7 - INDEX TERM--GENRE/FORM
Genre/form data or focus term Fiction.
Source of term lcgft
906 ## - LOCAL DATA ELEMENT F, LDF (RLIN)
a 7
b cbc
c copycat
d 2
e ncip
f 20
g y-gencatlg
942 ## - ADDED ENTRY ELEMENTS (KOHA)
Source of classification or shelving scheme Dewey Decimal Classification
Koha item type Books
Suppress in OPAC No
Holdings
Withdrawn status Lost status Source of classification or shelving scheme Damaged status Not for loan Collection Home library Current library Shelving location Date acquired Total Checkouts Full call number Barcode Date last seen Price effective from Koha item type
    Dewey Decimal Classification     Fiction Footprints International School Library Network Toul Kork Campus Footprints International School Library Network Toul Kork Campus   01/30/2024   MOY Fic PR6113.O94 FISSE03384 01/30/2024 01/30/2024 Books